<?xml version="1.0" encoding="UTF-8"?>
<collection xmlns:xsi="http://www.w3.org/2001/XMLSchema-instance" xsi:schemaLocation="http://www.loc.gov/MARC21/slim http://www.loc.gov/standards/marcxml/schema/MARC21slim.xsd" xmlns="http://www.loc.gov/MARC21/slim">
 <record>
  <leader>00000cgc a22000004i 4500</leader>
  <controlfield tag="001">UP-99796217613280826</controlfield>
  <controlfield tag="003">Buklod</controlfield>
  <controlfield tag="005">20200415214534.0</controlfield>
  <controlfield tag="006">t     r    |||| u|</controlfield>
  <controlfield tag="007">ta</controlfield>
  <controlfield tag="008">200415s2012    xx     d||| |     ||   ||</controlfield>
  <datafield tag="035" ind1=" " ind2=" ">
   <subfield code="a">(iLib)UPD-00475869046</subfield>
  </datafield>
  <datafield tag="040" ind1=" " ind2=" ">
   <subfield code="a">DMC</subfield>
   <subfield code="e">rda</subfield>
  </datafield>
  <datafield tag="041" ind1=" " ind2=" ">
   <subfield code="a">tag</subfield>
  </datafield>
  <datafield tag="042" ind1=" " ind2=" ">
   <subfield code="a">DMLUC</subfield>
  </datafield>
  <datafield tag="100" ind1="1" ind2=" ">
   <subfield code="a">Sandoval, Isabel</subfield>
   <subfield code="e">writer, film director.</subfield>
  </datafield>
  <datafield tag="245" ind1="1" ind2="0">
   <subfield code="a">Aparisyona</subfield>
   <subfield code="c">Cinemalaya Foundation presents; written and directed by Isabel Sandoval.</subfield>
  </datafield>
  <datafield tag="264" ind1=" " ind2="0">
   <subfield code="a">[Pace of production not identified]</subfield>
   <subfield code="b">Cinemalaya Foundation</subfield>
   <subfield code="c">[2012]</subfield>
  </datafield>
  <datafield tag="300" ind1=" " ind2=" ">
   <subfield code="a">1 videodisc (87 minutes)</subfield>
   <subfield code="b">sound, color</subfield>
   <subfield code="c">4 1/2 inches</subfield>
  </datafield>
  <datafield tag="336" ind1=" " ind2=" ">
   <subfield code="a">two-dimensional moving image</subfield>
   <subfield code="2">rdacontent</subfield>
  </datafield>
  <datafield tag="337" ind1=" " ind2=" ">
   <subfield code="a">video</subfield>
   <subfield code="2">rdamedia</subfield>
  </datafield>
  <datafield tag="338" ind1=" " ind2=" ">
   <subfield code="a">videodisc</subfield>
   <subfield code="2">rdacarrier</subfield>
  </datafield>
  <datafield tag="508" ind1=" " ind2=" ">
   <subfield code="a">Produced by Darlene Catly Malimas; music by Teresa Barrozo; cinematography by Jay Abello.</subfield>
  </datafield>
  <datafield tag="511" ind1="1" ind2=" ">
   <subfield code="a">Mylene Dizon, Jodi Sta. Maria, Raquel Villavicencio.</subfield>
  </datafield>
  <datafield tag="520" ind1=" " ind2=" ">
   <subfield code="a">&quot;Filipino director Vincent Sandoval follows his transgender drama Senorita with a story about nuns living in a remote convent during the Marcos years&quot;.</subfield>
  </datafield>
  <datafield tag="520" ind1=" " ind2=" ">
   <subfield code="a">&quot;Summary taken from https://www.imdb.com/title/tt2206166</subfield>
  </datafield>
  <datafield tag="538" ind1=" " ind2=" ">
   <subfield code="a">DVD</subfield>
  </datafield>
  <datafield tag="546" ind1=" " ind2=" ">
   <subfield code="a">In Tagalog.</subfield>
  </datafield>
  <datafield tag="655" ind1=" " ind2="0">
   <subfield code="a">Drama.</subfield>
  </datafield>
  <datafield tag="700" ind1="1" ind2=" ">
   <subfield code="a">Dizon, Mylene</subfield>
   <subfield code="e">actress.</subfield>
  </datafield>
  <datafield tag="700" ind1="1" ind2=" ">
   <subfield code="a">Sta. Maria, Jodi</subfield>
   <subfield code="e">actress.</subfield>
  </datafield>
  <datafield tag="700" ind1="1" ind2=" ">
   <subfield code="a">Villavicencio, Raquel</subfield>
   <subfield code="e">actress.</subfield>
  </datafield>
  <datafield tag="710" ind1="2" ind2=" ">
   <subfield code="a">Cinemalaya Foundation (Firm).</subfield>
  </datafield>
  <datafield tag="950" ind1=" " ind2=" ">
   <subfield code="a">FI</subfield>
  </datafield>
  <datafield tag="852" ind1="0" ind2=" ">
   <subfield code="a">UPD</subfield>
   <subfield code="b">DMC</subfield>
  </datafield>
  <datafield tag="942" ind1=" " ind2=" ">
   <subfield code="a">Visual Material</subfield>
  </datafield>
 </record>
</collection>
